000 00316nam a2200121Ia 4500
008 240731s9999 xx 000 0 und d
022 _a1179-8483
245 0 _aComparative Effectiveness Research
260 _bDove Medical Press
856 _uhttps://www.tandfonline.com/loi/dcer20
942 _2ddc
942 _cTFEJ
999 _c76012
_d76012
945 _a1
_bMadushi Gamage
_c1
_dMadushi Gamage